La fuerza del Derecho
Shranjeno v:
| Glavni avtor: | |
|---|---|
| Drugi avtorji: | |
| Format: | Knjiga |
| Jezik: | španščina |
| Izdano: |
Bogotá, Colombia
Siglo del Hombre
2000
|
| Serija: | Colección Nuevo Pensamiento Jurídico. Serie Temas
|
| Teme: | |
| Oznake: |
Označite
Brez oznak, prvi označite!
|
MARC
| LEADER | 00000nam a2200000 a 4500 | ||
|---|---|---|---|
| 001 | UCN1731 | ||
| 003 | CL-VaPUC | ||
| 005 | 20241121123812.0 | ||
| 008 | 010504e20000000CK |||||||||||||||||spa|d | ||
| 999 | |c 294964 |d 294962 | ||
| 040 | |c Pontificia Universidad Católica de Valparaíso | ||
| 082 | 0 | 4 | |a 340.11 BOU 2000 |2 21 |
| 100 | 0 | |a Bourdieu, Pierre |9 308635 | |
| 245 | 1 | 3 | |a La fuerza del Derecho |
| 260 | 0 | 3 | |a Bogotá, Colombia |b Siglo del Hombre |c 2000 |
| 300 | |a 220 páginas | ||
| 490 | 0 | |a Colección Nuevo Pensamiento Jurídico. Serie Temas | |
| 583 | |a last modification |c 20010504 00:00:00 |k Rodrigo Vera | ||
| 650 | 0 | |a Racionalidad |9 323325 | |
| 650 | 7 | |a RACIONALISMO JURIDICO |2 CL-VaPUC |9 393550 | |
| 700 | 0 | |a Teubner, Gunther |9 457016 | |
| 942 | |c BK |2 ddc | ||
| 945 | |d 20010504 00:00:00 |a vberengu | ||
| 952 | |0 0 |1 0 |2 ddc |4 0 |6 340_110000000000000_BOU_2000 |7 0 |8 DER_TF |9 347736 |a BIBDER |b BIBDER |d 2019-11-20 |i 3712540 |l 1 |o 340.11 BOU 2000 |p 3712540 |r 2023-01-25 |s 2020-03-17 |t 1 |w 2019-11-20 |x Ubicación 4to Piso |y BK |z Estos recursos deben solicitarse con anticipación |k DER | ||